Pays du monde - 60 Minutes - Statistiques

Statistiques générales
  • Ce quiz a été pris 990 fois
  • Le résultat moyen est 130 sur 196
Réponses sur la Carte
Les réponses sont colorées sur une échelle allant du rouge au vert en fonction du pourcentage des utilisateurs qui les ont devinées à leur premier essai. Vous pouvez retrouver ces pourcentages ci-dessous.
 
Statistiques - réponses
Country % Correct
France
93%
Canada
91%
Espagne
91%
Etats-Unis
91%
Brésil
90%
Italie
90%
Russie
90%
Portugal
89%
Royaume-Uni
89%
Allemagne
88%
Argentine
88%
Chine
88%
Algérie
87%
Australie
87%
Belgique
87%
Japon
87%
Mexique
87%
Afrique du Sud
86%
Inde
86%
Maroc
86%
Suisse
86%
Égypte
85%
Irlande
85%
Suède
85%
Chili
84%
Madagascar
84%
République démocratique du Congo
84%
République du Congo
84%
Danemark
83%
Finlande
83%
Norvège
83%
Tunisie
83%
Ukraine
83%
Corée du Nord
82%
Corée du Sud
82%
Pologne
82%
Turquie
82%
Grèce
81%
Islande
80%
Pays-Bas
80%
Uruguay
80%
Autriche
79%
Colombie
79%
Cuba
79%
Pérou
79%
Roumanie
79%
Albanie
78%
Arabie Saoudite
78%
Iran
78%
Luxembourg
78%
Venezuela
78%
Biélorussie
76%
Estonie
76%
Lituanie
76%
Nouvelle-Zélande
76%
Thaïlande
76%
Bolivie
75%
Indonésie
75%
Irak
75%
Israël
75%
Lettonie
75%
Paraguay
75%
Viêt Nam
75%
Croatie
74%
Mongolie
74%
Niger
74%
Pakistan
74%
République tchèque
74%
Équateur
73%
Libye
73%
Mali
73%
Sénégal
73%
Yémen
73%
Guinée
72%
Hongrie
72%
Kazakhstan
72%
Nigeria
72%
Soudan
72%
Afghanistan
71%
Slovaquie
71%
Bulgarie
70%
Cameroun
70%
Côte d'Ivoire
70%
Slovénie
70%
Kenya
69%
Chypre
68%
Monaco
68%
Panama
68%
Zimbabwe
68%
Angola
67%
Éthiopie
67%
Jordanie
67%
Ouzbékistan
67%
Qatar
67%
Vatican
67%
Costa Rica
66%
Émirats arabes unis
66%
Jamaïque
66%
Laos
66%
Liban
66%
Malte
66%
Mauritanie
66%
Serbie
66%
Andorre
65%
Arménie
65%
Cambodge
65%
Cap-Vert
65%
Haïti
65%
Macédoine
65%
Népal
65%
Philippines
65%
Somalie
65%
Syrie
65%
Tchad
65%
Togo
65%
Sri Lanka
64%
Guatemala
63%
Guyana
63%
Kosovo
63%
Moldavie
63%
Monténégro
63%
Zambie
63%
Bangladesh
62%
Bosnie-Herzégovine
62%
Oman
62%
Suriname
62%
Bénin
61%
Géorgie
61%
Ghana
61%
Namibie
61%
Papouasie-Nouvelle- Guinée
61%
République dominicaine
61%
Tanzanie
61%
Nicaragua
60%
Soudan du Sud
60%
Taïwan
60%
Turkménistan
60%
Azerbaïdjan
59%
Burkina Faso
59%
Gabon
59%
Honduras
59%
Malaisie
59%
Érythrée
58%
Guinée-Bissau
58%
Rwanda
58%
Bhoutan
57%
Birmanie
57%
Fidji
57%
Guinée équatoriale
57%
Mozambique
57%
République Centrafricaine
57%
The Bahamas
57%
Botswana
56%
Liechtenstein
56%
Ouganda
56%
Île Maurice
55%
Maldives
55%
Salvador
55%
Comores
54%
Lesotho
54%
Seychelles
54%
Koweït
53%
Tadjikistan
53%
Belize
52%
Djibouti
52%
Gambie
52%
Liberia
52%
Saint-Marin
52%
Kirghizistan
51%
Burundi
50%
Sierra Leone
50%
Singapour
50%
Dominique
47%
Malawi
47%
Swaziland
47%
Salomon
45%
Sao Tomé-et-Principe
45%
Îles Marshall
44%
Sainte-Lucie
44%
Bahreïn
43%
Tonga
43%
Trinité-et-Tobago
43%
Barbade
42%
Micronésie
42%
Samoa
42%
Brunei
41%
Grenade
40%
Vanuatu
40%
Antigua-et-Barbuda
39%
Saint-Vincent-et-les- Grenadines
39%
Kiribati
38%
Nauru
38%
Tuvalu
38%
Palaos
37%
Saint-Christophe- et-Niévès
36%
Timor oriental
35%
Aucun quiz correspondant
Distribution des résultats
% des personnes avec chaque résultat
Percentile par nombre de réponses
Votre historique - résultats
Vous n’avez pas pris ce quiz